000 00562nam a22001697a 4500
003 OSt
005 20240930170404.0
008 240930b |||||||| |||| 00| 0 eng d
040 _c0
082 _aDPer 050 R22 2000 June -December 2023 v123 no. 7124-728
100 _aFahd, Cherine.
_eauthor.
_961847
245 _aPerspective :
_btantrums to tinsel /
_cCherine Fahd.
260 _aTaipei ;
_bReader's Digest Asia,
_cDecember-January 2023.
300 _aVolume 123, pages 24-27 ,
_b illustration.
700 _aFahd, Cherine.
_eauthor.
_961847
942 _2ddc
_cPER
999 _c22027
_d22027